Celtic Languages - Sudden Death - Statistics

General Stats
  • This quiz has been taken 183 times
  • The average score is 4 of 6
Answers on the Grid
Answers color-coded by a green-red scale on the quiz's grid according to % correct below.
Manx
Cornish
Breton
Irish
Scottish Gaelic
Welsh
Cockney
Scots
Faroese
Wallon
English
Flemish
Norman
Saxon
German
 
Answer Stats
Answer % Correct
Irish
87%
Welsh
80%
Scottish Gaelic
75%
Breton
73%
Cornish
72%
Manx
60%
No matching quizzes found
Score Distribution
Percent of People with Each Score
Percentile by Number Answered
Your Score History
You have not taken this quiz